Statistiques concernant N'oubliez pas les paroles (Alpha Wann)

Cliquez ici pour prendre le quiz!

Statistiques générales

  • Ce quiz a été pris 549 fois
  • Le résultat moyen est 4 sur 10

Statistiques - réponses

% Correct
Tu l'appelles mère patrie...J'l'appelle dame Nation
87%
On n'a pas explosé en retard...on est juste à des années lumières
60%
Batman c'est pour les gosses...Crois pas aux histoires de chauve-souris
53%
J'aime pas les critiqueurs...Encore moins ceux qui critiquent les critiqueurs
53%
Si tu fermes les yeux quand je rappe...Tu vois New York
52%
J'ai fait un rêve, j'étais rempli...j'ai fait un cauchemar j'étais videur
40%
Vous êtes l'Amérique nous la Corée du nord...On va pas ensemble
37%
Une Rolls Royce, ça s'fait en 6 mois...et une Toyota, ça s'fait en 13 heures
26%
J'reste moi-même mais c'est pas la de-mo...justice pour Théo et Adama
21%
J'fume ce micro comme une pipe à crack...j'reste pointu comme un pic à glace
8%

Distribution des résultats

Percentile par nombre de réponses

% des personnes avec chaque résultat

Votre développement - résultats

Vous n’avez pas pris ce quiz